| 000 | 01155nam a22001937a 4500 | ||
|---|---|---|---|
| 003 | JO-AjAnu | ||
| 005 | 20240708140648.0 | ||
| 008 | 240707b jo ||||| |||| 00| 0 ara d | ||
| 040 |
_bARA _cJO-AjAnu |
||
| 041 | 1 | _hARA | |
| 100 |
_aياسين، تسنيم محمد جبر _eمعد _966033 |
||
| 245 |
_aمستوى معرفة معلمي طلاب ذوي صعوبات التعلم لتطبيقات الذكاء الاصطناعي في غرف المصادر ومعيقاته في محافظة اربد = The Level of kknowledge of teachers of students with learning Disabilities about Artificial Intelligence Applications in intelligence in Resource Rooms and its Obstacles in Irbid Governorate _c/ اعداد تسنيم محمد جبر ياسين ؛ اشراف محمد احمد العمري |
||
| 260 | _c2024 | ||
| 300 | _a97 ورقة | ||
| 500 | _aرسالة جامعية(أطروحة ماجستير)جامعة عجلون الوطنية، كلية العلوم التربوية\تخصص صعوبات التعلم | ||
| 650 | _vالاستيعاب القرائي | ||
| 700 |
_aالعمري، محمد احمد _eمشرف _966034 |
||
| 942 |
_2lcc _cTHS _n0 |
||
| 999 |
_c33570 _d33570 |
||